00707nam a22002297a 450000500170000000800410001701000140005802000260007203500130009803700130011104000080012408200120013210000210014424500880016524600430025326000410029627000450033730000280038250000190041065000260042965000220045519970904051429.3970904m19271929ii a 001 0aeng  aENG-95751 a9788179929681c295.00 aEN-79284 aDBAD/PUB aDPL a610.696 aDrake, Elizabeth a51 questions to ask your doctor :c by Elizabeth Drakebtake control of your health aFifty one questions to ask your doctor aMumbaibJaico Publishing Housec2009 aA-2, Jash chambers, FortbMumbaie400001 ax ,214p. ;c22 cm.(Pbk) aIncludes index aPhysician and patient aSelf-care, Health